Every England Squad since World Cup 1990 Quiz Stats

 Plays Quiz not verified by Sporcle

Score 0/293 Timer 20:00
3 Plays Today
% Correct
David Seaman
93.5%
David Seaman
93.5%
David Seaman
93.5%
David Seaman
93.5%
David Seaman
93.5%
Kyle Walker
93.1%
Des Walker
92.8%
Des Walker
92.8%
Ian Walker
92.8%
Ian Walker
92.8%
Kyle Walker
92.8%
Wayne Rooney
92.8%
Wayne Rooney
92.8%
Wayne Rooney
92.8%
Wayne Rooney
92.8%
Wayne Rooney
92.8%
Wayne Rooney
92.8%
Joe Hart
92.5%
Joe Hart
92.5%
Joe Hart
92.5%
Joe Hart
92.5%
Steven Gerrard
91.5%
Steven Gerrard
91.5%
Steven Gerrard
91.5%
Steven Gerrard
91.5%
Steven Gerrard
91.5%
Steven Gerrard
91.5%
Frank Lampard
91.1%
Frank Lampard
91.1%
Frank Lampard
91.1%
Frank Lampard
91.1%
Ashley Cole
91.1%
Joe Cole
91.1%
Ashley Cole
91.1%
Joe Cole
91.1%
Ashley Cole
91.1%
Joe Cole
91.1%
Ashley Cole
91.1%
Joe Cole
91.1%
Ashley Cole
91.1%
David Beckham
90.8%
David Beckham
90.8%
David Beckham
90.8%
David Beckham
90.8%
David Beckham
90.8%
Alan Shearer
90.3%
Alan Shearer
90.3%
Alan Shearer
90.3%
Alan Shearer
90.3%
Rio Ferdinand
90.1%
Rio Ferdinand
90.1%
Rio Ferdinand
90.1%
Les Ferdinand
90%
Les Ferdinand
90%
John Terry
89.9%
John Terry
89.9%
John Terry
89.9%
John Terry
89.9%
Harry Kane
89.9%
Michael Owen
89.7%
Michael Owen
89.7%
Michael Owen
89.7%
Michael Owen
89.7%
Michael Owen
89.7%
Gary Neville
89.6%
Phil Neville
89.6%
Gary Neville
89.6%
Gary Neville
89.6%
Phil Neville
89.6%
Gary Neville
89.6%
Phil Neville
89.6%
Gary Neville
89.6%
Paul Scholes
88.9%
Paul Scholes
88.9%
Paul Scholes
88.9%
Paul Scholes
88.9%
Harry Kane
88.7%
David James
88.6%
David James
88.6%
David James
88.6%
David James
88.6%
Jamie Vardy
88.5%
Phil Jones
88.1%
Raheem Sterling
87.7%
Jordan Henderson
87.4%
Gary Cahill
87.3%
Mark Wright
87.3%
Mark Wright
87.3%
Richard Wright
87.3%
Tony Adams
87.2%
Tony Adams
87.2%
Tony Adams
87.2%
Gary Cahill
87.2%
Gary Cahill
87.2%
Phil Jones
87.1%
Phil Jones
87.1%
Marcus Rashford
87%
Danny Welbeck
86.6%
% Correct
Teddy Sheringham
86.3%
Teddy Sheringham
86.3%
Teddy Sheringham
86.3%
Jamie Vardy
86.2%
Dele Alli
86.1%
Gary Lineker
86.1%
Gary Lineker
86.1%
Sol Campbell
85.9%
Sol Campbell
85.9%
Sol Campbell
85.9%
Sol Campbell
85.9%
Sol Campbell
85.9%
Sol Campbell
85.9%
Jordan Pickford
85.9%
John Stones
85.9%
Steve Stone
85.9%
Jordan Henderson
85.5%
Jordan Henderson
85.5%
Jordan Henderson
85.5%
Theo Walcott
85.4%
Theo Walcott
85.4%
Raheem Sterling
85%
Raheem Sterling
85%
Eric Dier
84.8%
Daniel Sturridge
84.6%
Daniel Sturridge
84.6%
Paul Gascoigne
84.5%
Paul Gascoigne
84.5%
Emile Heskey
84.1%
Emile Heskey
84.1%
Emile Heskey
84.1%
Emile Heskey
84.1%
Danny Rose
83.8%
Robbie Fowler
83.7%
Robbie Fowler
83.7%
Robbie Fowler
83.7%
Peter Shilton
83.6%
Paul Robinson
83.1%
Paul Robinson
83.1%
Eric Dier
82.9%
Dele Alli
82.8%
Ashley Young
82.7%
Danny Welbeck
82.6%
Danny Welbeck
82.6%
Fraser Forster
82.5%
Chris Smalling
82.5%
Fraser Forster
82.5%
Chris Smalling
82.5%
Robert Green
82.4%
Robert Green
82.4%
Jermain Defoe
82.1%
Jermain Defoe
82.1%
Harry Maguire
81.9%
Danny Rose
81.8%
Peter Crouch
81.7%
Peter Crouch
81.7%
Nicky Butt
81.6%
Nicky Butt
81.6%
James Milner
81.5%
James Milner
81.5%
James Milner
81.5%
James Milner
81.5%
Jamie Carragher
81.4%
Jamie Carragher
81.4%
Jamie Carragher
81.4%
Martin Keown
81.2%
Martin Keown
81.2%
Martin Keown
81.2%
Martin Keown
81.2%
Marcus Rashford
80.8%
Jack Butland
80.6%
Glen Johnson
80.5%
Glen Johnson
80.5%
Glen Johnson
80.5%
Kieran Trippier
80.1%
Steve McManaman
80.1%
Steve McManaman
80.1%
Steve McManaman
80.1%
Ben Foster
80%
Paul Ince
79.8%
Paul Ince
79.8%
Paul Ince
79.8%
Stuart Pearce
79.5%
Stuart Pearce
79.5%
Stuart Pearce
79.5%
John Stones
79.2%
Leighton Baines
78.8%
Leighton Baines
78.8%
Gareth Southgate
78.7%
Gareth Southgate
78.7%
Gareth Southgate
78.7%
Gareth Southgate
78.7%
Paul Parker
78.5%
Scott Parker
78.5%
Jesse Lingard
78.3%
Gareth Barry
78.1%
Gareth Barry
78.1%
Trent Alexander-Arnold
78%
% Correct
Adam Lallana
77.4%
Adam Lallana
77.4%
Phil Jagielka
77.1%
Phil Jagielka
77.1%
Jack Wilshere
77.1%
Jack Wilshere
77.1%
Michael Carrick
76.9%
Michael Carrick
76.9%
Ashley Young
76.9%
Owen Hargreaves
76.9%
Owen Hargreaves
76.9%
Owen Hargreaves
76.9%
Alan Smith
76.3%
Nigel Martyn
76.2%
Nigel Martyn
76.2%
Nigel Martyn
76.2%
Nigel Martyn
76.2%
David Platt
75.6%
David Platt
75.6%
David Platt
75.6%
Jack Butland
74.1%
John Barnes
73.8%
Darren Anderton
73.8%
Darren Anderton
73.8%
Nick Pope
73%
David Batty
72.4%
David Batty
72.4%
Tim Flowers
72.4%
Tim Flowers
72.4%
Chris Waddle
72.2%
Bryan Robson
71.9%
Ledley King
71.1%
Ledley King
71.1%
Fabian Delph
71%
Luke Shaw
69.5%
Peter Beardsley
69.5%
Alex Oxlade-Chamberlain
68.9%
Alex Oxlade-Chamberlain
68.9%
Tom Heaton
68.6%
Graeme Le Saux
68.5%
Kevin Phillips
68.4%
Jamie Redknapp
68%
Ross Barkley
68%
Ross Barkley
68%
Terry Butcher
68%
Rickie Lambert
67.7%
Darius Vassell
66.4%
Darius Vassell
66.4%
Nathaniel Clyne
66.4%
Chris Woods
65.3%
Chris Woods
65.3%
Stewart Downing
65.1%
Stewart Downing
65.1%
Wayne Bridge
65%
Wayne Bridge
65%
Wayne Bridge
65%
Andy Carroll
65%
Wes Brown
64.7%
Ruben Loftus-Cheek
64.6%
Paul Merson
64.5%
Paul Merson
64.5%
Danny Mills
64.5%
Matthew Upson
64.4%
Joleon Lescott
64.4%
Ryan Bertrand
63.7%
Aaron Lennon
63.5%
Aaron Lennon
63.5%
Dennis Wise
62.4%
Kieron Dyer
61.2%
Kieron Dyer
61.2%
Scott Carson
60.3%
Shaun Wright-Phillips
59%
Trevor Sinclair
58.7%
Trevor Steven
58.6%
Trevor Steven
58.6%
Nick Barmby
58.5%
Nick Barmby
58.5%
Steve Bull
58%
Rob Lee
56.7%
Gary Stevens
56%
Jermaine Jenas
55.7%
Michael Dawson
53.1%
Carlton Palmer
52.3%
Tony Dorigo
50.4%
Tony Dorigo
50.4%
Neil Webb
49.8%
Neil Webb
49.8%
Dave Beasant
49%
Steve McMahon
47.3%
Martin Kelly
45.9%
Steve Howey
41.9%
Steve Hodge
41.7%
Andy Sinton
41.2%
Nigel Clough
41%
Stephen Warnock
40.6%
Keith Curle
35.7%
Tony Daley
32.3%

You're not logged in!

Compare scores with friends on all Sporcle quizzes.
OR
Log In

Sporcle TV

Today on Sporcle TV


Watch our educational content, quiz creation guides, and fun videos on Sporcle TV.

Show Comments

Extras

Top Quizzes Today


Score Distribution

Your Account Isn't Verified!

In order to create a playlist on Sporcle, you need to verify the email address you used during registration. Go to your Sporcle Settings to finish the process.

Report this User

Report this user for behavior that violates our Community Guidelines.

Details: